00201nam a22000857a 4500082001400000100001200014245005000026260003100076300000800107 a621.37BER aBerok R aElectronics instrumentation and measurements  aJalandharbIshan Pubc2012 a400